New Toeic actual tests

Salvato in:
Dettagli Bibliografici
Autore principale: Jin, Lee Sang
Natura: Libro
Lingua:Undetermined
Pubblicazione: Thành phố Hồ Chí Minh Tổng hợp 2014
Soggetti:
Tags: Aggiungi Tag
Nessun Tag, puoi essere il primo ad aggiungerne! !
Thư viện lưu trữ: Trung tâm Học liệu Trường Đại học Cần Thơ
LEADER 00598nam a2200193Ia 4500
001 CTU_200385
008 210402s9999 xx 000 0 und d
082 |a 428.0076 
082 |b J61/CD-P.3-4 
100 |a Jin, Lee Sang 
245 0 |a New Toeic actual tests 
245 0 |c Lee Sang Jin, Kim Tae Woo, Jeon Hee Jung 
260 |a Thành phố Hồ Chí Minh 
260 |b Tổng hợp 
260 |c 2014 
650 |a English language,Tiếng Anh 
650 |x Examinations,Kỳ thi 
904 |i Nguyên, Tuyến sửa 
980 |a Trung tâm Học liệu Trường Đại học Cần Thơ